[Event "34th Crespi Trophy 2013"]
[Site "Milano ITA"]
[Date "2013.12.01"]
[Round "2.4"]
[White "Quaranta,C"]
[Black "Roeder,M"]
[Result "0-1"]
[WhiteElo "2169"]
[BlackElo "2419"]

1.d4 Nf6 2.Bg5 Ne4 3.Bf4 c5 4.d5 Qb6 5.Bc1 g6 6.f3 Nd6 7.e4 Bg7 8.Nc3 f5
9.exf5 Nxf5 10.Nh3 O-O 11.Ne4 c4 12.c3 d6 13.Nhf2 Ne3 14.Bxe3 Qxe3+ 15.Qe2 Qb6
16.O-O-O Bf5 17.g4 Bxe4 18.Nxe4 Nd7 19.Nd2 Ne5 20.Nxc4 Nxc4 21.Qe6+ Kh8 22.Bxc4 Rxf3
23.Rd3 Rf2 24.Bb3 a5 25.Rh3 Rf6 26.Qe4 a4 27.g5 Rf5 28.Qh4 h5 29.Bc2 a3 30.Bxf5 Qxb2+
31.Kd1 Qa1+ 32.Kd2 Qxa2+ 33.Ke3 Bxc3 34.Rd1 Qb3 35.Rd3 Qb6+ 36.Ke2 Qb2+ 37.Ke3 Qb6+
38.Ke2 Qb2+ 39.Ke3 Qc1+ 40.Ke2 Qc2+ 41.Ke3 Ra4  0-1

[Event "Pushchino Autumn 2013"]
[Site "Pushchino RUS"]
[Date "2013.12.02"]
[Round "9.1"]
[White "Ovod,E"]
[Black "Charochkina,D"]
[Result "0-1"]
[WhiteElo "2378"]
[BlackElo "2337"]

1.d4 Nf6 2.Bg5 Ne4 3.Bf4 c5 4.f3 Qa5+ 5.c3 Nf6 6.d5 Qb6 7.Bc1 e6 8.e4 Bd6
9.Na3 exd5 10.exd5 O-O 11.Bd3 a6 12.Nc4 Qc7 13.Nxd6 Qxd6 14.c4 b5 15.Ne2 a5
16.Bf4 Qb6 17.b3 Re8 18.Rb1 Na6 19.a3 d6 20.Qc2 h6 21.O-O b4 22.a4 Nxd5 23.Bh7+ Kh8
24.cxd5 c4+ 25.Kh1 cxb3 26.Rxb3 Bd7 27.Rb2 Nc5 28.Be4 f5 29.Bxf5 Rxe2 30.Qxe2 Bxf5
31.Qe7 Nd3 32.Bxd6 Nxb2 33.Be5 Qg6 34.Bxb2 Re8 35.Bxg7+ Kh7 36.Qf6 Bd3 37.Rg1 Qxg7
38.Qb6 Rg8 39.d6 Kh8 40.Qxa5 Bf1 41.g4 Be2 42.Qd5 Qf6 43.Rg3 Qa1+ 44.Rg1 Qc3
45.Rg3 Qc1+ 46.Rg1 Qf4 47.Rg3 Rc8 48.Kg2 Bf1+ 49.Kh1 Rc1 50.Qa8+ Kh7 51.Qa7+ Kg6
52.Qf2 Bh3+ 53.Rg1 Rxg1+ 54.Kxg1 Qc1+  0-1

[Event "IV JAHV McGregor 2013"]
[Site "Bogota COL"]
[Date "2013.12.07"]
[Round "7.32"]
[White "Guzman Lozano,C"]
[Black "Sanz Alonso,F"]
[Result "0-1"]
[WhiteElo "2056"]
[BlackElo "2355"]

1.d4 Nf6 2.Bg5 Ne4 3.Bf4 c5 4.f3 Qa5+ 5.c3 Nf6 6.d5 d6 7.e4 g6 8.Na3 Bg7
9.Nc4 Qd8 10.a4 O-O 11.Qd2 Re8 12.g4 Nbd7 13.h4 h5 14.g5 Nh7 15.Nh3 Nb6 16.Ne3 Bd7
17.a5 Na4 18.Nc4 b5 19.Rxa4 bxa4 20.Bd3 Rb8 21.Nf2 Nf8 22.Nd1 Bb5 23.O-O Nd7
24.Nde3 Ne5 25.Bxe5 dxe5 26.Rd1 Bxc4 27.Bxc4 Qxa5 28.Qd3 e6 29.dxe6 fxe6
30.Qd7 Rbd8 31.Bxe6+ Kh7 32.Qc6 Qb6 33.Qxb6 Rxd1+ 34.Nxd1 axb6 35.Bd7 Rd8
36.Bxa4 b5  0-1

[Event "34th El Corte Ingles"]
[Site "Las Palmas ESP"]
[Date "2013.12.07"]
[Round "8.4"]
[White "Saad Addin Quintana,S"]
[Black "De la Cruz Sanchez,G"]
[Result "0-1"]
[WhiteElo "1853"]
[BlackElo "2256"]

1.d4 Nf6 2.Bg5 Ne4 3.Bf4 c5 4.f3 Nf6 5.d5 Nh5 6.Bd2 e5 7.g3 d6 8.e4 Be7 9.Nc3 O-O
10.f4 Nxf4 11.gxf4 Bh4+ 12.Ke2 Bg4+ 13.Nf3 f5 14.Bg2 b5 15.Kf1 b4 16.Ne2 fxe4
17.Nxh4 exf4 18.Bxe4 Qxh4 19.Qe1 Bh3+ 20.Kg1 Qg4+ 21.Kf2 Nd7 22.Ng1 Qh4+
23.Ke2 f3+ 24.Bxf3 Rae8+ 25.Be3 Rxe3+ 26.Kxe3 Qf4+ 27.Ke2 Re8+  0-1

[Event "SportAccord Rapid Men 2013"]
[Site "Beijing CHN"]
[Date "2013.12.12"]
[Round "3.4"]
[White "Grischuk,A"]
[Black "Giri,A"]
[Result "1-0"]
[WhiteElo "2783"]
[BlackElo "2734"]

1.d4 Nf6 2.Bg5 Ne4 3.Bf4 c5 4.f3 Qa5+ 5.c3 Nf6 6.d5 e6 7.e4 exd5 8.exd5 d6
9.Na3 Be7 10.Ne2 Nh5 11.Be3 O-O 12.g4 Bh4+ 13.Bf2 Bxf2+ 14.Kxf2 Nf6 15.Ng3 c4
16.Nxc4 Qc5+ 17.Qd4 Nxd5 18.Qxc5 dxc5 19.Rd1 Be6 20.Ne4 Nd7 21.Ng5 h6 22.Nxe6 fxe6
23.Bd3 Rf4 24.Kg3 Raf8 25.Be4 N7f6 26.Bxd5 Nxd5 27.Ne5 h5 28.h3 b5 29.Rhe1 Kh7
30.Rd2 c4 31.a4 b4 32.cxb4 Nxb4 33.Re4 Nd3 34.Rxf4 Rxf4 35.Nxd3 Rd4 36.Kf2 cxd3
37.b3 hxg4 38.hxg4 Kg6 39.Ke3 Rb4 40.Rxd3 e5 41.Kd2 e4 42.fxe4 Rxe4 43.Rd7 Rxg4
44.Rxa7 Kf5 45.Kc3 Ke6 46.a5 Kd5 47.Rd7+ Kc5 48.Rb7 Rg3+ 49.Kb2 Kc6 50.Rb6+ Kc7
51.Ka3 Rg5 52.Ka4 Rg1 53.b4 Rg5 54.Re6 Rg4 55.Kb5 Kb7 56.a6+ Ka7 57.Re7+ Ka8
58.Ka5 Rg6 59.b5 Rg5 60.a7  1-0

[Event "Bundesliga 2013-14"]
[Site "Berlin GER"]
[Date "2013.12.15"]
[Round "6"]
[White "Schneider,Il"]
[Black "Stellwagen,D"]
[Result "1/2-1/2"]
[WhiteElo "2514"]
[BlackElo "2604"]

1.d4 Nf6 2.Bg5 Ne4 3.Bf4 d6 4.Nd2 Bf5 5.Nxe4 Bxe4 6.f3 Bg6 7.e4 e6 8.h4 h6
9.Qd2 Be7 10.h5 Bh7 11.O-O-O d5 12.Bd3 Nc6 13.c3 O-O 14.Nh3 dxe4 15.Bxe4 Bxe4
16.fxe4 e5 17.dxe5 Qc8 18.Qd7 Rd8 19.Qf5 Qe6 20.Qxe6 fxe6 21.Kc2 a6 22.Bg3 Rxd1
23.Kxd1 Rd8+ 24.Ke2 Rd7 25.Nf4 Nxe5 26.Nxe6 Nc4 27.Rd1 Rxd1 28.Kxd1 Nxb2+
29.Kc2 Na4 30.Be5 c6 31.Nxg7 Nc5 32.Nf5 Bg5 33.Bg7 Nxe4 34.Bxh6 Bxh6 35.Nxh6+ Kg7
36.Nf5+ Kf6 37.h6 Kg6 38.Kd3 Nf6 39.Nd6 b6 40.Nc8 Nd5 41.Kd4 Kxh6 42.c4 Nb4
43.Nxb6 Nxa2 44.Kc5 Nc3 45.Kxc6 Kg5 46.Nd5 Ne4 47.Kb6 Kf5 48.Kxa6 Kg4 49.Kb5 Kg3
50.Kb4 Kxg2 51.Nc3 Nf2 52.Kc5 Nd3+ 53.Kd4 Nb4 54.c5 Kf3 55.Na2 Nc6+ 56.Kd5 Nd8
57.Nc1 Kf4 58.Nb3 Kf5 59.Na5 Kf6 60.Nb7 Ne6 61.c6 Ke7 62.Kc4 Nd8 63.c7 Nxb7
64.c8=N+  1/2-1/2

[Event "16th Padova Open A 2013"]
[Site "Padova ITA"]
[Date "2013.12.15"]
[Round "1.5"]
[White "Moskalenko,V1"]
[Black "Quaranta,C"]
[Result "1/2-1/2"]
[WhiteElo "2538"]
[BlackElo "2169"]

1.d4 Nf6 2.Bg5 Ne4 3.Bf4 d5 4.e3 c5 5.Bd3 Nf6 6.Nf3 Nc6 7.c3 e6 8.Nbd2 Bd6
9.dxc5 Bxf4 10.exf4 Nd7 11.Nb3 Qe7 12.O-O Nxc5 13.Bc2 Nxb3 14.axb3 g6 15.b4 O-O
16.Re1 Qf6 17.Qd2 b6 18.Ba4 Bb7 19.Bxc6 Bxc6 20.Nd4 Bb7 21.Qe3 Qd8 22.Qg3 Qd6
23.h4 a5 24.b5 Rae8 25.h5 Kh8 26.hxg6 fxg6 27.Re5 Bc8 28.Rae1 Bd7 29.Qe3 Rf6
30.g3 Qc5 31.Qd3 Kg7 32.R1e3 Kf7 33.Qe2 Qd6 34.Qg4 Rc8 35.Kg2 Re8 36.Re1 Qc5
37.Rh1 Rh8 38.Rh6 Qc8 39.Qh4 Kg7 40.f5 Qf8 41.Re1 exf5 42.Rh1 Qg8 43.Qf4 Qe8
44.f3 Rf7 45.Qh4 Qe3 46.Rxh7+ Rxh7 47.Qxh7+ Kf8 48.Qh8+ Ke7 49.Rh7 Qd2+ 50.Kh3 f4+
51.g4 Qe1 52.Rxf7+ Kxf7 53.Qh7+ Kf6 54.Qh4+ Qxh4+ 55.Kxh4 g5+ 56.Kh3 Ke5
57.Kg2 Kd6 58.Kf2 Ke5 59.Ke2 Be8 60.b3 Bg6 61.Kd2 Be8 62.Kc2 Bg6+ 63.Kd2 Be8
64.Kc2 Bg6+ 65.Kb2 Be8 66.Ka3 Bd7 67.Ka4 Kd6 68.b4 axb4 69.Kxb4 Ke5 70.Kb3  1/2-1/2

[Event "20th Zadar Open A 2013"]
[Site "Zadar CRO"]
[Date "2013.12.15"]
[Round "1.4"]
[White "Predojevic,B"]
[Black "Franic,M"]
[Result "1/2-1/2"]
[WhiteElo "2607"]
[BlackElo "2394"]

1.d4 Nf6 2.Bg5 Ne4 3.Bf4 d5 4.e3 c6 5.Bd3 Qb6 6.Qc1 Nd7 7.Bxe4 dxe4 8.Ne2 g6
9.Nd2 f5 10.O-O Bg7 11.Nc4 Qa6 12.b3 O-O 13.Rd1 Nb6 14.Nxb6 axb6 15.c4 b5
16.cxb5 Qxb5 17.Nc3 Qa5 18.Na4 Rd8 19.Qc4+ Kf8 20.Qc2 Rd5 21.Rac1 Be6 22.Nc5 Bc8
23.Na4 Be6 24.Nc5 Bc8 25.Na4 Be6 26.Nc5  1/2-1/2

[Event "16th Padova Open A 2013"]
[Site "Padova ITA"]
[Date "2013.12.18"]
[Round "5.2"]
[White "Moskalenko,V1"]
[Black "Rozentalis,E"]
[Result "1/2-1/2"]
[WhiteElo "2538"]
[BlackElo "2622"]

1.d4 Nf6 2.Bg5 Ne4 3.Bf4 d5 4.e3 c6 5.Bd3 Nd7 6.Bxe4 dxe4 7.Nc3 Nf6 8.Nge2 Bf5
9.Ng3 e6 10.a3 Nd5 11.Ncxe4 Nxf4 12.exf4 Qd5 13.Qe2 O-O-O 14.c3 h5 15.O-O Bg6
16.Rfd1 h4 17.c4 Qd7 18.Nf1 Bh5 19.f3 Be7 20.Ne3 Qc7 21.g3 hxg3 22.hxg3 g5
23.fxg5 Bxg5 24.Kf2 Be7 25.d5 Bg6 26.d6 Bxd6 27.Nxd6+ Rxd6 28.Kg2 a6 29.Rxd6 Qxd6
30.Ng4 Bf5 31.Rd1 Qf8 32.Nf2 Qh6 33.Rh1 Qg7 34.Rxh8+ Qxh8  1/2-1/2

[Event "Russian Rapid Cup Final 2013"]
[Site "Khanty-Mansiysk RUS"]
[Date "2013.12.20"]
[Round "2.1"]
[White "Bocharov,D"]
[Black "Maletin,P"]
[Result "1-0"]
[WhiteElo "2602"]
[BlackElo "2598"]

1.d4 Nf6 2.Bg5 Ne4 3.Bf4 c5 4.f3 Qa5+ 5.c3 Nf6 6.d5 Qb6 7.Bc1 e6 8.e4 exd5
9.exd5 Be7 10.Na3 d6 11.Nc4 Qd8 12.a4 O-O 13.Ne2 Bf5 14.g4 Bg6 15.Ng3 Nfd7
16.f4 h6 17.Bg2 Bh7 18.O-O Nb6 19.Ne3 Re8 20.Nef5 Bf8 21.g5 hxg5 22.fxg5 N6d7
23.h4 Ne5 24.h5 Nbd7 25.Ne4 c4 26.Be3 Nd3 27.Qf3 N7e5 28.Qg3 Kh8 29.Bd4 Qc7
30.h6 Bxf5 31.Rxf5 g6 32.Rf6 Rad8 33.Raf1 Kg8 34.h7+ Kh8 35.Rxf7 Qc8 36.Bh3 Qb8
37.Bd7 Re7 38.Nxd6 Bg7 39.Rxe7 Qxd6 40.Rxg7 Kxg7 41.Be6  1-0

[Event "WYCC U18 Open 2013"]
[Site "Al-Ain UAE"]
[Date "2013.12.21"]
[Round "4.48"]
[White "Kisic,B"]
[Black "Muhd,Ahsanuddien Bin Badarudin"]
[Result "1-0"]
[WhiteElo "2130"]
[BlackElo "1803"]

1.d4 Nf6 2.Bg5 Ne4 3.Bf4 c5 4.f3 Nf6 5.d5 Qb6 6.e4 Qxb2 7.Nd2 d6 8.Nc4 Qb4+
9.c3 Qxc3+ 10.Bd2 Qd4 11.Rc1 b5 12.Ne2 Qxc4 13.Rxc4 bxc4 14.Nc3 Nfd7 15.Bxc4 f6
16.O-O g6 17.Nb5 Na6 18.f4 Bg7 19.f5 Kf7 20.Bf4 Nb6 21.Be2 Bd7 22.Nxd6+ exd6
23.Bxa6 Bf8 24.fxg6+ hxg6 25.e5 dxe5 26.Bxe5 Bg7 27.Bd6 Rad8 28.Bxc5 Bc6
29.Bxb6 axb6 30.Bc4 Bf8 31.dxc6+  1-0

[Event "WYCC U16 Girls 2013"]
[Site "Al-Ain UAE"]
[Date "2013.12.21"]
[Round "5.11"]
[White "Munoz,Claudia"]
[Black "Vanagaite,G"]
[Result "0-1"]
[WhiteElo "1781"]
[BlackElo "2017"]

1.d4 Nf6 2.Bg5 Ne4 3.Bf4 c5 4.d5 d6 5.f3 Nf6 6.c4 g6 7.Nc3 Bg7 8.e4 O-O 9.Be2 Nh5
10.Be3 e6 11.Qd2 exd5 12.Nxd5 Be6 13.Rd1 Nc6 14.g4 Nf6 15.Nh3 Bxd5 16.cxd5 Ne7
17.O-O Nd7 18.Kh1 Re8 19.Rg1 a6 20.f4 Nc8 21.Bd3 b5 22.Qf2 Ncb6 23.b3 Nf6
24.Qf3 Qe7 25.Nf2 Nfxd5 26.Bxc5 dxc5 27.exd5 Bd4 28.Rge1 Qxe1+ 29.Rxe1 Rxe1+
30.Kg2 Re3 31.Qd1 Nxd5 32.Nh3 Rae8 33.Qd2 Bc3 34.Qd1 Bd4 35.Qd2 Nc3 36.Ng1 Re1
37.Bf1 Rd1 38.Qc2 Nd5 39.Qxd1 Ne3+ 40.Kf3 Nxd1 41.Ne2 Nc3 42.Nxc3 Bxc3 43.a4 bxa4
44.bxa4 a5 45.Bb5 Re1 46.Kf2 Kf8 47.f5 gxf5 48.gxf5 Ke7 49.Kf3 Kd6 50.Kf4 f6
51.Kg4 Kd5 52.Kh5 Bd2 53.Kg4 c4 54.Kf3 Kd4 55.Bxc4 Kxc4 56.Kf2 Kd3 57.Kg2 Re3
58.Kf2 Bb4 59.Kg2 Ke2 60.Kg1 Kf3 61.h4 Kg3 62.Kf1 Re1+  0-1

[Event "AUS Masters IM"]
[Site "Melbourne AUS"]
[Date "2013.12.21"]
[Round "8.3"]
[White "Zelesco,Karl"]
[Black "Stojic,D"]
[Result "1-0"]
[WhiteElo "2145"]
[BlackElo "2246"]

1.d4 Nf6 2.Bg5 Ne4 3.Bf4 c5 4.d5 Qb6 5.Nd2 Nf6 6.e4 Qxb2 7.Rb1 Qc3 8.Bd3 d6
9.Rb5 Nfd7 10.Nf3 a6 11.Rb3 Qa5 12.O-O b5 13.c4 b4 14.e5 dxe5 15.Nxe5 Nxe5
16.Bxe5 Nd7 17.Nf3 Nxe5 18.Nxe5 Qc7 19.Re1 e6 20.Be4 Rb8 21.dxe6 Bxe6 22.Bc6+ Ke7
23.Bd5 Rb6 24.Qf3  1-0

[Event "16th Padova Open A 2013"]
[Site "Padova ITA"]
[Date "2013.12.22"]
[Round "9.6"]
[White "Moskalenko,V1"]
[Black "Dvirnyy,D"]
[Result "0-1"]
[WhiteElo "2538"]
[BlackElo "2560"]

1.d4 Nf6 2.Bg5 Ne4 3.Bf4 c5 4.f3 Nf6 5.d5 Nh5 6.Bc1 e5 7.g3 d6 8.e4 g6 9.c4 Be7
10.Nc3 O-O 11.Bh6 Ng7 12.Qd2 Nd7 13.Bd3 f5 14.Nge2 fxe4 15.fxe4 a6 16.a4 Rf3
17.O-O-O b5 18.axb5 axb5 19.Nxb5 Nf6 20.Ng1 Rxd3 21.Qxd3 Ng4 22.Nf3 Nxh6
23.Nc3 Ng4 24.Qd2 Nf5 25.h3 Nd4  0-1

[Event "St Petersburg Blitz Prelim 2013"]
[Site "St Petersburg RUS"]
[Date "2013.12.22"]
[Round "5.7"]
[White "Sotsky,A"]
[Black "Yemelin,V"]
[Result "0-1"]
[WhiteElo "2382"]
[BlackElo "2558"]

1.d4 Nf6 2.Bg5 Ne4 3.Bh4 c5 4.f3 Nf6 5.d5 Qb6 6.Bxf6 exf6 7.Qc1 c4 8.e4 Bc5
9.Nh3 d6 10.Bxc4 Bxh3 11.gxh3 Nd7 12.c3 f5 13.Qc2 Ne5 14.Be2 fxe4 15.fxe4 O-O
16.Rf1 Qd8 17.Nd2 Qh4+ 18.Kd1 Qxh3 19.Kc1 Qxh2 20.Nf3 Nxf3 21.Bxf3 Qe5 22.a3 f5
23.exf5 Rxf5 24.Kb1 Raf8 25.Qg2 Rxf3 26.Rxf3 Qe4+  0-1

[Event "51st Groningen Open A 2013"]
[Site "Groningen NED"]
[Date "2013.12.24"]
[Round "4.10"]
[White "Ernst,S"]
[Black "Zakhartsov,Vl"]
[Result "1/2-1/2"]
[WhiteElo "2566"]
[BlackElo "2358"]

1.d4 Nf6 2.Bg5 Ne4 3.Bf4 d5 4.e3 c5 5.c3 Nc6 6.Nf3 g6 7.Nbd2 Qb6 8.Qb3 Nxd2
9.Nxd2 Qxb3 10.axb3 f6 11.Bb5 Bd7 12.O-O Kf7 13.e4 e6 14.exd5 exd5 15.dxc5 Bxc5
16.b4 Bb6 17.Nb3 Rhd8 18.Rfe1 a6 19.Bf1 Be6 20.Nc5 Bxc5 21.bxc5 d4 22.Bd6 dxc3
23.bxc3 Na7 24.g4 Nb5 25.Rxe6 Kxe6 26.Re1+ Kf7 27.Re7+ Kg8 28.Bc4+ Kh8 29.Bxb5 axb5
30.Rxb7 Ra4 31.h3 Rc8 32.Be7 Kg7 33.Bd8+ Kg8 34.Bxf6 Rxc5 35.Rg7+ Kf8 36.Rxh7 Rc6
37.Bd4 b4 38.cxb4 Rxb4 39.Be3 Rbc4 40.Kg2 Rc7 41.Rh8+ Kg7 42.Rd8 Kf7 43.Kg3 Re7
44.Rd3 Re5 45.Bf4 Rb5 46.Rd7+ Ke6 47.Rd6+ Kf7 48.Rd7+ Ke6 49.Ra7 Rb3+ 50.Be3 Rb5
51.h4 Rc3 52.g5 Rbc5 53.Rg7 Kf5 54.Re7 Rc6 55.Rf7+ Ke6 56.Ra7 Rc7 57.Ra6+ R7c6
58.Ra5 R6c4 59.Rb5 Re4 60.Rb7 Rcxe3+ 61.fxe3 Rxe3+ 62.Kf4 Rh3 63.Rb6+ Kf7
64.Rb7+ Ke6 65.Kg4 Ra3 66.Rb4 Kf7 67.Rd4 Ra1 68.Kf4 Ke6 69.Re4+ Kf7 70.Rc4 Rf1+
71.Ke5 Re1+ 72.Kd5 Rd1+ 73.Rd4 Ra1 74.Kd6 Ra6+ 75.Ke5 Re6+ 76.Kd5 Ra6 77.Rc4 Ra5+
78.Kd6 Ra6+ 79.Ke5 Ra5+ 80.Ke4 Ke6 81.Kf4 Ra1 82.Rc6+ Kf7 83.Rd6 Rf1+ 84.Ke4 Re1+
85.Kd5 Rd1+ 86.Kc6 Rh1 87.Rd4 Ke6 88.Kc7 Ke7 89.Re4+ Kf7 90.Kd6 Rd1+ 91.Ke5 Ra1
92.Rf4+ Kg7 93.Rc4 Re1+ 94.Kd5 Rd1+ 95.Rd4 Ra1 96.Kd6 Kf7 97.Rf4+ Kg7 98.Rc4 Rd1+
99.Ke7 Re1+ 100.Kd8 Rd1+ 101.Kc8 Kf7 102.Rf4+ Ke7 103.Kb8 Rb1+ 104.Ka8  1/2-1/2

[Event "23rd North American Open 2013"]
[Site "Las Vegas USA"]
[Date "2013.12.26"]
[Round "2.15"]
[White "Shimanov,A"]
[Black "Baules,J"]
[Result "1-0"]
[WhiteElo "2650"]
[BlackElo "2292"]

1.d4 Nf6 2.Bg5 Ne4 3.Bf4 c5 4.f3 Qa5+ 5.c3 Nf6 6.d5 Qb6 7.Bc1 e6 8.e4 exd5
9.exd5 Qc7 10.Ne2 b5 11.Ng3 Qe5+ 12.Qe2 Qxe2+ 13.Bxe2 Nxd5 14.Bxb5 Nc7 15.Ba4 Ne6
16.Kf2 g6 17.Ne4 Bb7 18.Rd1 Be7 19.Na3 f5 20.Nd6+ Bxd6 21.Rxd6 Ke7 22.Rd1 d5
23.h4 Rd8 24.Bg5+ Nxg5 25.hxg5 Nd7 26.Rh1 Nf8 27.Rae1+ Kf7 28.Re5 Rd6 29.Nb5 Rb6
30.b3 a6 31.Nc7 Rd8 32.Rhe1 Bc8 33.Nxd5 Re6 34.Nf4 Rxe5 35.Rxe5 Rd2+ 36.Ke3 Rxa2
37.Bc6 Ra1  1-0

[Event "15th Czech Christmas"]
[Site "Litomysl CZE"]
[Date "2013.12.31"]
[Round "7.4"]
[White "Cerveny,P"]
[Black "Chojnacki,K"]
[Result "0-1"]
[WhiteElo "2292"]
[BlackElo "2405"]

1.d4 Nf6 2.Bg5 Ne4 3.Bf4 c5 4.f3 Qa5+ 5.c3 Nf6 6.d5 d6 7.e4 g6 8.Nd2 Bg7
9.Nc4 Qd8 10.a4 O-O 11.g4 Nbd7 12.a5 Rb8 13.Ne2 b5 14.axb6 Nxb6 15.Na5 Bb7
16.Ng3 Nfd7 17.Ba6 Ba8 18.O-O Qc7 19.Rf2 Ne5 20.c4 e6 21.Rd2 exd5 22.exd5 Nbd7
23.Bb5 Rb6 24.Ra2 a6 25.Bc6 Nxc6 26.dxc6 Ne5 27.Rxd6 Nxc6 28.Nxc6 Rxc6 29.Kg2 Rxd6
30.Qxd6 Qb7 31.Qd3 Bxb2 32.Ne4 Bd4 33.Bd6 Rc8 34.g5 Qb6 35.Be7 Bxe4 36.Qxe4 a5
37.Qd5 Qb1 38.Rxa5 Qg1+ 39.Kh3 Qf1+ 40.Kg4 Qg2+ 41.Kh4 Bf2+  0-1